Every Super Bowl Matchup - Statistics

General Stats
  • This quiz has been taken 364 times
    234 since last reset
  • The average score is 77 of 118
Answer Stats
Super Bowl Winner % Correct
I Green Bay Packers
93%
II Green Bay Packers
86%
I Kansas City Chiefs
86%
LIX Philadelphia Eagles
83%
LIX Kansas City Chiefs
82%
LVI Cincinnati Bengals
81%
LIV Kansas City Chiefs
81%
LVIII Kansas City Chiefs
81%
LVI Los Angeles Rams
81%
LVII Kansas City Chiefs
80%
LV Kansas City Chiefs
79%
LIII New England Patriots
79%
LV Tampa Bay Buccaneers
79%
XLIX Seattle Seahawks
78%
LI New England Patriots
77%
LII New England Patriots
77%
III New York Jets
77%
LVII Philadelphia Eagles
77%
LVIII San Francisco 49ers
77%
XLVIII Seattle Seahawks
77%
50 Denver Broncos
76%
LII Philadelphia Eagles
76%
LIV San Francisco 49ers
76%
XLVII Baltimore Ravens
74%
XLVIII Denver Broncos
74%
IV Minnesota Vikings
74%
XLIX New England Patriots
74%
IV Kansas City Chiefs
73%
LIII St. Louis Rams
73%
VIII Minnesota Vikings
72%
IX Minnesota Vikings
72%
II Oakland Raiders
72%
LI Atlanta Falcons
71%
XLVII San Francisco 49ers
71%
50 Carolina Panthers
70%
XI Minnesota Vikings
70%
XLVI New England Patriots
70%
IX Pittsburgh Steelers
70%
X Pittsburgh Steelers
69%
XIII Pittsburgh Steelers
69%
XIV Pittsburgh Steelers
69%
III Baltimore Colts
68%
VI Miami Dolphins
67%
VII Miami Dolphins
67%
VIII Miami Dolphins
67%
XL Seattle Seahawks
67%
XXXII Denver Broncos
66%
XXXIII Denver Broncos
66%
XXXVIII New England Patriots
66%
XLII New England Patriots
66%
XLII New York Giants
66%
XLVI New York Giants
66%
XL Pittsburgh Steelers
66%
XVII Miami Dolphins
65%
XXXVI New England Patriots
65%
XLIII Pittsburgh Steelers
65%
V Baltimore Colts
64%
XXV Buffalo Bills
64%
XXVI Buffalo Bills
64%
XXVII Buffalo Bills
64%
XXVIII Buffalo Bills
64%
XXXIX New England Patriots
64%
XLV Pittsburgh Steelers
64%
VI Dallas Cowboys
63%
XLV Green Bay Packers
63%
XIX Miami Dolphins
63%
XLIV New Orleans Saints
63%
XVI San Francisco 49ers
63%
XXVI Washington Redskins
63%
XXXV Baltimore Ravens
62%
XI Oakland Raiders
62%
XV Oakland Raiders
62%
XXIII San Francisco 49ers
62%
XXIV San Francisco 49ers
62%
VII Washington Redskins
62%
XVII Washington Redskins
62%
XXII Denver Broncos
61%
XXIV Denver Broncos
61%
XLI Indianapolis Colts
61%
XLIV Indianapolis Colts
61%
XIX San Francisco 49ers
61%
XXXVII Tampa Bay Buccaneers
61%
XXII Washington Redskins
61%
V Dallas Cowboys
60%
XII Dallas Cowboys
60%
XXVIII Dallas Cowboys
60%
XXI Denver Broncos
60%
XVIII Washington Redskins
60%
XXIII Cincinnati Bengals
59%
XXVII Dallas Cowboys
59%
XVIII Los Angeles Raiders
59%
XXV New York Giants
59%
XXX Pittsburgh Steelers
59%
XXIX San Francisco 49ers
59%
XLIII Arizona Cardinals
57%
XLI Chicago Bears
57%
XVI Cincinnati Bengals
57%
X Dallas Cowboys
57%
XIII Dallas Cowboys
56%
XII Denver Broncos
56%
XXXI Green Bay Packers
56%
XXXVII Oakland Raiders
56%
XXXIX Philadelphia Eagles
56%
XXXVI St. Louis Rams
56%
XX Chicago Bears
55%
XXX Dallas Cowboys
55%
XXXIV St. Louis Rams
55%
XXXVIII Carolina Panthers
54%
XXXII Green Bay Packers
53%
XXXI New England Patriots
52%
XXXV New York Giants
52%
XX New England Patriots
51%
XV Philadelphia Eagles
50%
XXI New York Giants
49%
XXXIV Tennessee Titans
46%
XXIX San Diego Chargers
44%
XIV Los Angeles Rams
43%
XXXIII Atlanta Falcons
40%
No matching quizzes found
Score Distribution
Percent of People with Each Score
Percentile by Number Answered
Your Score History
You have not taken this quiz since the last reset